Zhodnotenie prínosu dohodnutých plánov mnohostranných integračných opatrení na roky 1976-1980 a 1981-1985 pre členské krajiny RVHP so zvláštnym zreteľom na ekonomiku ČSSR

Salvato in:
Dettagli Bibliografici
Autore principale: Slovincová, Lýdia
Natura: Libro
Lingua:slovacco
Pubblicazione: Bratislava Vysoká škola ekonomická 1982
Tags: Aggiungi Tag
Nessun Tag, puoi essere il primo ad aggiungerne!!

MARC

LEADER 00000nam a2200000 4500
001 c134794
005 20190625074614.7
041 0 |a slo 
044 |a SK 
245 1 0 |a Zhodnotenie prínosu dohodnutých plánov mnohostranných integračných opatrení na roky 1976-1980 a 1981-1985 pre členské krajiny RVHP so zvláštnym zreteľom na ekonomiku ČSSR  |c Lýdia Slovincová 
264 1 |a Bratislava  |b Vysoká škola ekonomická  |c 1982 
300 |a 29 s. 
100 1 |a Slovincová, Lýdia